| 000 | 01023nam a2200241 a 4500 | ||
|---|---|---|---|
| 001 | 38968 | ||
| 003 | BD-RjUL | ||
| 005 | 20211209052907.0 | ||
| 008 | 160324s2015 ii ||||e |||| 00| 0 ben d | ||
| 020 |
_a9789350404843 _c: Tk 660.00 |
||
| 035 | _a(BD-RjUL)39078 | ||
| 040 |
_aBD-RjUL _bben _cBD-RjUL |
||
| 041 | _aben | ||
| 082 |
_223 _a915 _bDAM 2015 |
||
| 100 |
_aদাসগুপ্ত, প্রসেনজিৎ _9120309 |
||
| 245 | 1 | 0 |
_aমহাবলীপুরম ইতিহাস ও ঐতিহ্য / _cপ্রসেনজিৎ দাসগুপ্ত. |
| 260 |
_aকলকাতা : _bআনান্দ পাবলির্শার্স প্রাইভেট লিমিতেড, _c২০১৫ |
||
| 300 |
_a[৬], ১৩৭ পৃ. : _bচিত্র ; _c২১ সে.মি. |
||
| 650 |
_aইতিহাস ও ঐতিহ্য _zভারত _9120353 |
||
| 650 |
_aHistory and Culture _zIndia _9120354 |
||
| 700 |
_aপাল, সৌম্য্যন _9120373 |
||
| 942 |
_2ddc _cBK |
||
| 999 |
_c38968 _d38968 |
||